Virtual reality

Gespeichert in:
Bibliographische Detailangaben
1. Verfasser: Howard Rheingold
Format: Buch
Sprache:Undetermined
Veröffentlicht: New York Summit Books 1991
Schlagworte:
Tags: Tag hinzufügen
Keine Tags, Fügen Sie den ersten Tag hinzu!
Thư viện lưu trữ: Trung tâm Học liệu Trường Đại học Cần Thơ
LEADER 00540nam a2200193Ia 4500
001 CTU_87233
008 210402s9999 xx 000 0 und d
082 |a 501 
082 |b R469 
100 |a Howard Rheingold 
245 0 |a Virtual reality 
245 0 |c Howard Rheingold 
260 |a New York 
260 |b Summit Books 
260 |c 1991 
650 |a science,technology,cybernetics,virtual reality 
650 |x computer simulation,computer simulation 
904 |i M.Loan 
980 |a Trung tâm Học liệu Trường Đại học Cần Thơ